000 00346 a2200157 4500
001 170898
020 _a
040 _cMagnum
100 _aRios, Rosana
240 1 0 _aA aventura da tartaruga-de-pente
_lpor
245 1 0 _aA aventura da tartaruga-de-pente
362 0 _a1899
440 1 _aScipione
697 _aIJ/PARADIDATICO
942 _cBK
999 _c170898
_d170898